000 00587nam a2200229Ia 4500
003 OSt
005 20220924144501.0
006 a|||||r|||| 00| 0
007 ta
008 220923b |||||||| |||| 00| 0 urd d
024 _a314812
037 _cTextual
040 _aARTS
_cARTS
_burd
041 _2urd
_aurd
082 _aO168,1N21x, G8
100 _aShatir Deen Dayal Singh
_9217699
245 0 _aGhuncha-e-Khatir
260 _c1938
650 _aURDU POETRY
942 _hO168,1N21x, G8
_cTEXL
_2CC
999 _c457197
_d457197